|
|
|
|
| LEADER |
00000cam a22000004a 4500 |
| 001 |
musev2_83095 |
| 003 |
MdBmJHUP |
| 005 |
20230905052532.0 |
| 006 |
m o d |
| 007 |
cr||||||||nn|n |
| 008 |
120703s2012 nju o 00 0 eng d |
| 020 |
|
|
|a 9780691229300
|
| 020 |
|
|
|z 9780691114385
|
| 035 |
|
|
|a (OCoLC)1273305845
|
| 040 |
|
|
|a MdBmJHUP
|c MdBmJHUP
|
| 041 |
1 |
|
|a eng
|h dut
|
| 100 |
1 |
|
|a Zanden, Jan L. van,
|d 1955-
|0 (DE-588)129325090
|
| 240 |
1 |
0 |
|a Nederland 1780 - 1914.
|l Engl
|
| 245 |
1 |
4 |
|a The Strictures of Inheritance :
|b The Dutch Economy in the Nineteenth Century /
|c Jan Luiten van Zanden and Arthur van Riel.
|
| 264 |
|
1 |
|a Princeton, NJ :
|b Princeton Univ. Press,
|c 2012.
|
| 264 |
|
3 |
|a Baltimore, Md. :
|b Project MUSE,
|c 2021
|
| 264 |
|
4 |
|c ©2012.
|
| 300 |
|
|
|a 1 online resource (416 pages):
|b Diagramme.
|
| 336 |
|
|
|a text
|b txt
|2 rdacontent
|
| 337 |
|
|
|a computer
|b c
|2 rdamedia
|
| 338 |
|
|
|a online resource
|b cr
|2 rdacarrier
|
| 490 |
0 |
|
|a The Princeton economic history of the Western world
|
| 588 |
|
|
|a Description based on print version record.
|
| 650 |
0 |
7 |
|a Wirtschaftspolitik.
|0 (DE-588)4066493-4
|2 gnd
|
| 650 |
|
7 |
|a Economische ontwikkeling.
|2 gtt
|
| 650 |
|
7 |
|a Economische groei.
|2 gtt
|
| 650 |
|
7 |
|a Economische geschiedenis.
|2 gtt
|
| 651 |
|
7 |
|a Niederlande.
|0 (DE-588)4042203-3
|2 gnd
|
| 655 |
|
7 |
|a Electronic books.
|2 local
|
| 700 |
1 |
|
|a Riel, Arthur van.
|0 (DE-588)157075745
|
| 710 |
2 |
|
|a Project Muse.
|e distributor
|
| 830 |
|
0 |
|a Book collections on Project MUSE.
|
| 856 |
4 |
0 |
|z Texto completo
|u https://projectmuse.uam.elogim.com/book/83095/
|
| 945 |
|
|
|a Project MUSE - Custom Collection
|